Cryptography, Network Security, and Cyber Laws / (Record no. 534807)
[ view plain ]
| 000 -LEADER | |
|---|---|
| fixed length control field | 00395nam a22001337a 4500 |
| 020 ## - INTERNATIONAL STANDARD BOOK NUMBER | |
| International Standard Book Number | 9789386858948 |
| 082 ## - DEWEY DECIMAL CLASSIFICATION NUMBER | |
| Classification number | 005.8 MEN |
| 100 ## - MAIN ENTRY--PERSONAL NAME | |
| Personal name | Menezes, Bernard L. |
| 245 ## - TITLE STATEMENT | |
| Title | Cryptography, Network Security, and Cyber Laws / |
| Statement of responsibility, etc. | Bernard L. Menezes |
| 260 ## - PUBLICATION, DISTRIBUTION, ETC. | |
| Place of publication, distribution, etc. | New Delhi : |
| Name of publisher, distributor, etc. | Cengage Learning, |
| Date of publication, distribution, etc. | 2019. |
| 300 ## - PHYSICAL DESCRIPTION | |
| Extent | 488 p. |
| 942 ## - ADDED ENTRY ELEMENTS (KOHA) | |
| Source of classification or shelving scheme | |
| Koha item type | Book |
| Withdrawn status | Lost status | Source of classification or shelving scheme | Damaged status | Not for loan | Permanent Location | Current Location | Date acquired | Source of acquisition | Total Checkouts | Total Renewals | Full call number | Barcode | Date last seen | Date last checked out | Price effective from | Koha item type |
|---|---|---|---|---|---|---|---|---|---|---|---|---|---|---|---|---|
| Central Library (CL) | Central Library (CL) | 06/17/2020 | Allied Book Company | 2 | 3 | 005.8 MEN | CL-310 | 04/22/2026 | 01/31/2026 | 06/17/2020 | Book | |||||
| Central Library (CL) | Central Library (CL) | 06/17/2020 | Allied Book Company | 005.8 MEN | CL-311 | 06/17/2020 | 06/17/2020 | Book | ||||||||
| Central Library (CL) | Central Library (CL) | 06/17/2020 | Allied Book Company | 3 | 1 | 005.8 MEN | CL-312 | 02/16/2024 | 11/17/2023 | 06/17/2020 | Book |
